000 00637nam a2200277Ia 4500
005 20260324125034.0
008 008 260324s9999 xx 000 0 eng d
020 _a9781351298209
037 _aEBOOK
040 _aCRL
040 _beng
040 _cCRL
041 _2eng
041 _aeng
084 _qCRL
100 _aRobert A. Stebbins
245 0 _aPersonal Decisions in the Public Square
260 _bTaylor and Francis
260 _c2009
365 _a
365 _b230
856 _uhttp://www.taylorfrancis.com/books/9781351298209
942 _cEBOOK
999 _c1771369
_d1771369